00629cam a22002291 4500001001300000003000400013005001700017008004100034010001700075035002000092040001900112042001200131043001200143050001600155100002300171245003300194260004200227300003500269651004700304650003300351999001500384af 47003269 DLC20260227110819.0880825s1945 it 000 0 ita  aaf 47003269  a(OCoLC)18401911 aDLCcOrPSdDLC apremarc ae-it---00aDG571b.M251 aMalacoda, Secondo.10aPopolo, fascismo, monarchia. aRomab[Edizioni della Bussola]c1945. a1 p.l., 5-187 p., 1 l.c18 cm. 0aItalyxPolitics and governmenty1922-1945. 0aWorld War, 1939-1945zItaly. c2100d2100